000 00705nam a2200241Ia 4500
003 OSt
005 20220918230605.0
006 a|||||r|||| 00| 0
007 ta
008 220917b |||||||| |||| 00| 0 eng d
024 _a256,206
037 _cTextual
040 _aARTS
_cARTS
_beng
041 _2eng
_aeng
082 _aV654.N6, L8
100 _aOdetola Theophilus Olatunda
_9152886
245 0 _aMilitary politics in Nigeria
_b economic development and political stability
260 _aNew Brunswick
_bTransaction Books
_c1978
300 _axi,177p
_ccm.
650 _aHISTORY
942 _hV654.N6, L8
_cTEXL
_2CC
999 _c288441
_d288441